School Districts of Western Pennsylvania - Statistics

General Stats
  • This quiz has been taken 20 times
  • The average score is 74 of 216
Answer Stats
Answer % Correct
Armstrong
92%
Beaver
83%
Erie City
83%
Franklin
83%
Indiana
83%
Pittsburgh
83%
Washington
83%
Bedford
75%
Butler
75%
Clarion
75%
Penn Hills
75%
Somerset
75%
Warren
75%
Jefferson-Morgan
67%
Moon
67%
Plum
67%
Union
67%
Union City
67%
Aliquippa
58%
Clearfield
58%
McKeesport
58%
Oil City
58%
Slippery Rock
58%
Titusville
58%
Altoona
50%
Bethlehem-Center
50%
Burgettstown
50%
Chartiers-Houston
50%
Cranberry
50%
East Allegheny
50%
Forest
50%
Greater Latrobe
50%
Greensburg Salem
50%
Hempfield
50%
Hermitage
50%
Kiski
50%
Kiski Area
50%
Mars
50%
Mercer
50%
New Castle
50%
North Allegheny
50%
North Hills
50%
Peters Township
50%
Punxsutawney
50%
Seneca Valley
50%
Shaler
50%
South Park
50%
Upper St. Clair
50%
Canon-McMillan
42%
Charleroi
42%
Chartiers
42%
Connellsville
42%
Corry
42%
Bethel Park
42%
Dubois
42%
Elizabeth Forward
42%
Fairview
42%
Franklin Regional
42%
Gateway
42%
Greater Johnstown
42%
Keystone
42%
Montour
42%
North Clarion
42%
Pine Richland
42%
Ridgway
42%
Ringgold
42%
South Allegheny
42%
South Fayette
42%
Steel Valley
42%
West Allegheny
42%
Woodland Hills
42%
Allegheny-Clarion Valley
33%
Allegheny Valley
33%
Ambridge
33%
Apollo Ridge
33%
Baldwin Whitehall
33%
Berlin Brothersvalley
33%
Bradford
33%
Brookville
33%
Burrell
33%
California
33%
Clairton
33%
Clarion-Limestone
33%
Cornell
33%
Deer Lakes
33%
Derry
33%
Hampton
33%
Ellwood City
33%
Frazier
33%
Freeport
33%
Girard
33%
Greenville
33%
Grove City
33%
Iroquois
33%
Johnsonburg
33%
Kane
33%
Keystone Oaks
33%
Laurel
33%
Laurel Highlands
33%
Mount Lebanon
33%
Neshannock
33%
North East
33%
North Star
33%
Northwestern
33%
Norwin
33%
Quaker Valley
33%
Reynolds
33%
Rochester
33%
Shanksville-Stonycreek
33%
Sharon City
33%
Shenango
33%
St. Marys
33%
Trinity
33%
Uniontown
33%
West Mifflin
33%
Wilmington
33%
Avella
25%
Avonworth
25%
Belle Vernon
25%
Big Beaver Falls
25%
Blairsville-Saltsburg
25%
Brentwood
25%
Cambria Heights
25%
Carlynton
25%
Carmichaels
25%
Commodore Perry
25%
Conemaugh
25%
Conneaut
25%
Crawford Central
25%
Curwensville
25%
Everett
25%
Forest Hills
25%
General McLane
25%
Harbor Creek
25%
Hollidaysburg
25%
Homer-Center
25%
Hopewell
25%
Jeannette City
25%
Karns City
25%
Leechburg
25%
McGuffey
25%
Millcreek
25%
Monessen City
25%
Moniteau
25%
Mount Pleasant
25%
New Brighton
25%
Northern Cambria
25%
Penn Cambria
25%
Penncrest
25%
Penns Manor
25%
Penn-Trafford
25%
Portage
25%
Purchase Line
25%
Richland
25%
Riverside Beaver
25%
Riverview
25%
Sharpsville
25%
Smethport
25%
Southmoreland
25%
South Side
25%
Sto-Rox
25%
Wattsburg
25%
Western Beaver
25%
West Greene
25%
West Middlesex
25%
Wilkinsburg
25%
Windber
25%
Yough
25%
Albert Gallatin
17%
Bellwood-Antis
17%
Blackhawk
17%
Blacklick Valley
17%
Brockway
17%
Center Valley
17%
Central Greene
17%
Farrell
17%
Fort Cherry
17%
Fort Leboeuf
17%
Fox Chapel
17%
Freedom
17%
Harmony
17%
Highlands
17%
Ligonier Valley
17%
Marion Center
17%
New Kensington-Arnold
17%
Northern Bedford
17%
Northgate
17%
Otto-Eldred
17%
Redbank Valley
17%
Rockwood
17%
Shade-Central City
17%
Spring Cove
17%
United
17%
Valley Grove
17%
West Branch
17%
West Jefferson Hills
17%
Westmont Hilltop
17%
Bentworth
8%
Brownsville
8%
Central Cambria
8%
Chestnut Ridge
8%
Conemaugh Valley
8%
Ferndale
8%
Glendale
8%
Jamestown
8%
Midland
8%
Mohawk
8%
Moshannon Valley
8%
Salisbury-Elk Lick
8%
Williamsburg
8%
Lakeview
0%
South Butler
0%
No matching quizzes found
Score Distribution
Percent of People with Each Score
Percentile by Number Answered
Your Score History
You have not taken this quiz